The Number Finding Game Quiz Stats

 Plays Quiz not verified by Sporcle

Score 0/100 Timer 07:00
0 Plays Today
% Correct
???
99.6%
???
99.1%
???
98.2%
???
97.8%
???
97.3%
???
97.3%
???
96.5%
???
96.5%
???
96%
???
95.6%
???
95.1%
???
94.7%
???
92.9%
???
92.5%
???
91.6%
???
91.6%
???
90.3%
???
88.5%
???
88.1%
???
88.1%
???
87.6%
???
87.2%
???
85.8%
???
85.8%
???
85.4%
???
82.3%
???
81.9%
???
79.6%
???
78.3%
???
77.4%
???
77%
???
77%
???
76.5%
???
76.5%
% Correct
???
75.2%
???
74.3%
???
73.5%
???
73.5%
???
71.2%
???
70.8%
???
69.5%
???
67.7%
???
67.3%
???
66.4%
???
64.2%
???
63.7%
???
62.8%
???
61.1%
???
59.7%
???
56.6%
???
55.8%
???
54.9%
???
53.5%
???
53.5%
???
52.2%
???
51.3%
???
51.3%
???
48.7%
???
46%
???
45.6%
???
44.2%
???
44.2%
???
40.7%
???
38.1%
???
35.8%
???
33.2%
???
32.3%
???
31.9%
% Correct
???
31.4%
???
31%
???
29.2%
???
29.2%
???
28.8%
???
27.4%
???
26.5%
???
26.5%
???
26.1%
???
24.8%
???
23.5%
???
23.5%
???
22.6%
???
22.1%
???
21.2%
???
21.2%
???
20.8%
???
20.4%
???
19.9%
???
19.9%
???
19.9%
???
19.5%
???
19%
???
19%
???
18.6%
???
18.6%
???
18.6%
???
18.6%
???
18.6%
???
18.6%
???
18.1%
???
17.7%

You're not logged in!

Compare scores with friends on all Sporcle quizzes.
OR
Log In

Show Comments

Extras

Created Feb 27, 2014ReportNominate
Tags:Numbers Quiz, fast

Top Quizzes Today


Score Distribution

Your Account Isn't Verified!

In order to create a playlist on Sporcle, you need to verify the email address you used during registration. Go to your Sporcle Settings to finish the process.

Report this User

Report this user for behavior that violates our Community Guidelines.

Details: